[Event "Bundesliga 2000-1"]
[Site "Bremen GER"]
[Date "2001.04.01"]
[Round "13"]
[White "Slobodjan,R"]
[Black "Lisanti,A"]
[Result "1-0"]
[WhiteElo "2532"]
[BlackElo "2328"]

1.e4 e6 2.d4 d5 3.Nd2 Nc6 4.Ngf3 Nf6 5.e5 Ne4 6.c3 f5 7.exf6 Nxf6 8.Bb5 Bd6
9.Ne5 O-O 10.f4 Bd7 11.Bd3 Ne7 12.O-O c5 13.dxc5 Bxc5+ 14.Kh1 Nf5 15.Qe2 Be8
16.Nb3 Bb6 17.Bxf5 exf5 18.Be3 Ne4 19.Bxb6 Qxb6 20.Nd4 a6 21.Qc2 Bc6 22.Qb3 Qc5
23.Qc2 Rae8 24.Ndxc6 bxc6 25.Nd7 Qa7 26.Nxf8 Kxf8 27.Rad1 Re6 28.Rf3 Qe7
29.Rdf1 h6 30.Qd3 Qb7 31.b3 Qb6 32.Qc2 Kf7 33.Rd1 Qa7 34.Qb2 a5 35.c4 dxc4
36.bxc4 Kg8 37.h3 Kh7 38.Qd4 Qf7 39.Qd8 Rf6 40.Rd4 h5 41.Qxa5 h4 42.Qe1 c5
43.Rxe4 fxe4 44.Qxe4+ Rf5 45.a4 g6 46.a5 Qf6 47.Qb7+ Kh6 48.Qb8 Kh7 49.Kh2 Qc6
50.Qb6 Qe4 51.a6 Qxc4 52.a7 Qe4 53.Qb8  1-0

[Event "56th ch-YUG"]
[Site "Herceg Novi YUG"]
[Date "2001.04.02"]
[Round "10"]
[White "Todorovic,GM"]
[Black "Antic,D"]
[Result "0-1"]
[WhiteElo "2485"]
[BlackElo "2481"]

1.e4 e6 2.d4 d5 3.Nd2 Be7 4.Ngf3 Nf6 5.Bd3 c5 6.c3 cxd4 7.cxd4 dxe4 8.Nxe4 Bd7
9.O-O Nxe4 10.Bxe4 Bc6 11.Bc2 Bd5 12.Be3 Nc6 13.Ne5 O-O 14.Qe2 Rc8 15.Rfd1 Bd6
16.Rac1 Nb4 17.Ba4 Rxc1 18.Rxc1 Nxa2 19.Ra1 Qc7 20.Bd2 a6 21.h4 b5 22.Bd1 Nb4
23.h5 Nc6 24.Nxc6 Qxc6 25.Rc1 Qb7 26.h6 g6 27.Qg4 b4 28.Qh4 f6 29.Qh3 Qb6
30.Be3 f5 31.f3 Bf4  0-1

[Event "It"]
[Site "Oakham ENG"]
[Date "2001.04.04"]
[Round "7"]
[White "Estrada Nieto,J"]
[Black "McDonald,N"]
[Result "1-0"]
[WhiteElo "2372"]
[BlackElo "2439"]

1.e4 e6 2.d4 d5 3.Nd2 Be7 4.Bd3 c5 5.dxc5 Nf6 6.Qe2 Nc6 7.Ngf3 a5 8.O-O Bxc5
9.exd5 Nxd5 10.Ne4 Be7 11.c4 Ndb4 12.Bb1 Qc7 13.a3 Na6 14.Rd1 Nc5 15.Nxc5 Bxc5
16.Be3 Bxe3 17.Qxe3 O-O 18.Qc5 g6 19.Be4 Qf4 20.Bxc6 bxc6 21.Rd4 Qf6 22.Rad1 Ba6
23.Ne5 Rfe8 24.Ng4 Qg7 25.Qg5 Rec8 26.Nf6+ Kh8 27.Rh4 Rd8 28.Rxd8+ Rxd8 29.h3 Rd1+
30.Kh2 Rf1 31.Qe5  1-0

[Event "Open NOR-ch"]
[Site "Oslo NOR"]
[Date "2001.04.08"]
[Round "2"]
[White "Brynell,S"]
[Black "Solem,T"]
[Result "1-0"]
[WhiteElo "2489"]
[BlackElo "2185"]

1.e4 e6 2.d4 d5 3.Nd2 a6 4.Ngf3 c5 5.dxc5 Bxc5 6.Bd3 Nc6 7.O-O Nf6 8.Qe2 Nb4
9.a3 Nxd3 10.cxd3 dxe4 11.dxe4 Bd7 12.Nc4 Bc6 13.Rd1 Qc7 14.Be3 Bxe3 15.Nd6+ Kf8
16.Qxe3 Rd8 17.Ng5 Rxd6 18.Qc5 Ne8 19.e5 Ba4 20.Qb4 Bxd1 21.exd6 Qxd6 22.Qxd6+ Nxd6
23.Rxd1 Ke7 24.Rxd6 Kxd6 25.Nxf7+ Kd5 26.Nxh8 Kc4 27.Nf7 Kb3 28.Nd8 Kxb2
29.Nxb7 Kxa3 30.Kf1 Kb4 31.Ke2 a5 32.Kd3 a4 33.Nd8 Kb3 34.Nxe6 a3 35.Nd4+ Kb2
36.f4 a2 37.Nc2 h5 38.g3 Kb3 39.h3 Ka4 40.Kc4 Ka5 41.Kb3 Kb5 42.Kxa2 Kc5
43.Ne3 g6 44.f5  1-0

[Event "Open"]
[Site "Metz FRA"]
[Date "2001.04.10"]
[Round "4"]
[White "Laurent,B"]
[Black "Drasko,M"]
[Result "0-1"]
[WhiteElo "2231"]
[BlackElo "2521"]

1.e4 e6 2.d4 d5 3.Nd2 Nc6 4.Ngf3 Nf6 5.e5 Nd7 6.Bb5 Be7 7.Nb3 a5 8.Bxc6 bxc6
9.Bd2 a4 10.Na5 Nb8 11.O-O c5 12.c4 O-O 13.Rc1 a3 14.b3 c6 15.Qe1 cxd4 16.cxd5 Qxd5
17.Nc4 Nd7 18.Bf4 c5 19.Qd2 Ba6 20.Rfe1 Bxc4 21.Rxc4 Nb6 22.Rcc1 Qb7 23.Qd3 Nd5
24.Bd2 Qa6 25.Qe4 Rac8 26.Qg4 Qd3 27.h4 Rfd8 28.Ba5 Re8 29.Nd2 Qg6 30.Qxg6 hxg6
31.g3 g5 32.hxg5 Bxg5 33.f4 Bd8 34.Bxd8 Rexd8 35.Ne4 Nb4 36.Re2 d3 37.Rd2 Rd4
38.Rxc5 Rxc5 39.Nxc5 g5 40.fxg5 Rd5  0-1

[Event "Open"]
[Site "Metz FRA"]
[Date "2001.04.13"]
[Round "7"]
[White "Dgebuadze,A"]
[Black "Legky,N"]
[Result "1-0"]
[WhiteElo "2555"]
[BlackElo "2477"]

1.e4 e6 2.d4 d5 3.Nd2 a6 4.Ngf3 Nf6 5.e5 Nfd7 6.Bd3 c5 7.c3 Nc6 8.O-O g5
9.h3 h5 10.g4 hxg4 11.hxg4 Qb6 12.Qa4 Qa7 13.Nxg5 cxd4 14.Ndf3 b5 15.Qd1 Ndxe5
16.Nxe5 Nxe5 17.cxd4 Nc4 18.Qf3 Bg7 19.b3 Nd6 20.Bf4 Qe7 21.Rac1 Bd7 22.Qg3 Rd8
23.Kg2 Ne4 24.Nxe4 dxe4 25.Bxe4 Bxd4 26.Bc7 Rc8 27.Bd6 Qf6 28.Rxc8+ Bxc8
29.Rd1 Bd7 30.g5 Qg7 31.Bb4 Be5 32.f4 f5 33.gxf6 Qxg3+ 34.Kxg3 Rg8+ 35.Kf3 Bxf6
36.Bc5 Bh4 37.Bf2 Bxf2 38.Kxf2 b4 39.Rd6 Ke7 40.Rxa6 Rb8 41.Ke3 Bb5 42.Ra7+ Kd6
43.Kd4 Rb6 44.Rb7 Rxb7 45.Bxb7 Be2 46.Be4 Ba6 47.Bd3 Bb7 48.Bb5 Bd5 49.Be8 Ke7
50.Bg6 Bf3 51.Kc5 Kf6 52.Bd3  1-0

[Event "39th Doeberl Cup"]
[Site "Canberra AUS"]
[Date "2001.04.14"]
[Round "4"]
[White "Zhao Zong Yuan"]
[Black "Tan,Ju"]
[Result "1/2-1/2"]
[WhiteElo "2390"]
[BlackElo "2226"]

1.e4 e6 2.d4 d5 3.Nd2 Nc6 4.Ngf3 Nf6 5.e5 Nd7 6.Bb5 a6 7.Bxc6 bxc6 8.O-O a5
9.Re1 c5 10.c4 Bb7 11.cxd5 Bxd5 12.Qa4 Be7 13.dxc5 O-O 14.Qc2 Nxc5 15.b3 a4
16.b4 Na6 17.a3 c5 18.b5 Nc7 19.Rb1 Qd7 20.Nc4 Rfb8 21.b6 Bxc4 22.Qxc4 Nd5
23.Rd1 Qc8 24.Bg5 Bxg5 25.Nxg5 Rxb6 26.Qe4 g6 27.Qh4 h5 28.Rxb6 Nxb6 29.Nxf7 Qc7
30.Nd6 Qg7 31.Qe4 Rf8 32.Qc6 Nd5 33.Nc4 Qe7 34.Rb1 Qh4 35.Qxc5 Qe4 36.Nd2 Qd3
37.Rb2 Qe2 38.g3 h4 39.Qd4 h3 40.Rb1 Nc3 41.Rf1 Nb5 42.Qxa4 Qxe5 43.Qe4  1/2-1/2

[Event "Redbus KO"]
[Site "Southend ENG"]
[Date "2001.04.14"]
[Round "2.1"]
[White "Emms,J"]
[Black "Lalic,B"]
[Result "1/2-1/2"]
[WhiteElo "2514"]
[BlackElo "2501"]

1.e4 e6 2.d4 d5 3.Nd2 Be7 4.Ngf3 Nf6 5.Bd3 c5 6.e5 Nfd7 7.c3 Nc6 8.O-O g5
9.dxc5 g4 10.Nd4 Ndxe5 11.Bb5 Bd7 12.N2b3 h5 13.Re1 Nxd4 14.Nxd4 Bxb5 15.Rxe5 Bd7
16.b4 Bf6 17.Re1 Qc7  1/2-1/2

[Event "GM"]
[Site "Hampstead ENG"]
[Date "2001.04.17"]
[Round "1"]
[White "Rizouk,A"]
[Black "Barsov,A"]
[Result "1/2-1/2"]
[WhiteElo "2406"]
[BlackElo "2519"]

1.e4 e6 2.d4 d5 3.Nd2 Be7 4.Bd3 c5 5.dxc5 Nf6 6.Qe2 Nc6 7.Ngf3 Bxc5 8.O-O Qc7
9.c3 Bd7 10.h3 Nh5 11.Qd1 Nf4 12.exd5 Nxd3 13.dxc6 Bxc6 14.Nb3 O-O-O 15.Nxc5 Nxc1
16.Nd4 Bb5 17.Nxb5 Rxd1 18.Nxc7 Ne2+ 19.Kh2 Rxf1 20.Rxf1 Kxc7 21.g3 Rd8 22.Nb3 Rd5
23.Re1 Re5 24.f4 Re3 25.Nd2 b5 26.h4 h5 27.Nf1 Re4 28.Nd2 Re3 29.a3 a5 30.Nf1 Re4  1/2-1/2

[Event "4th Open"]
[Site "Tanta City EGY"]
[Date "2001.04.19"]
[Round "2"]
[White "Spasov,V"]
[Black "Georg,Ma"]
[Result "1-0"]
[WhiteElo "2571"]
[BlackElo "2277"]

1.e4 e6 2.d4 d5 3.Nd2 Nc6 4.Ngf3 Nf6 5.e5 Nd7 6.Bd3 Nb4 7.Be2 c5 8.c3 Nc6
9.O-O Be7 10.Re1 cxd4 11.cxd4 Qb6 12.Nb3 a5 13.a4 Bb4 14.Rf1 O-O 15.Bb5 Be7
16.Bg5 f6 17.exf6 gxf6 18.Bh6 Rf7 19.Re1 Nf8 20.Nh4 e5 21.Re3 Ne6 22.Rg3+ Ng7
23.Be2 Bf8 24.Bh5 Rc7 25.dxe5 Nxe5 26.Qxd5+ Be6 27.Qd4 Qb4 28.Qxb4 axb4 29.Nd4 Bf7
30.Bxf7+ Rxf7 31.Nhf5 Ng6 32.Bxg7 Bxg7 33.h4 Kh8 34.h5 Nf4 35.Rf3 Nd5 36.Rd1 Nc7
37.Nb5 Nxb5 38.axb5 Bf8 39.Rd4 Bc5 40.Rg4 Ra1+ 41.Kh2 Rf8 42.Rg7 Rd1 43.Rxb7 Rd2
44.Rg3 Rg8 45.f4 Rxb2 46.h6 Bf8 47.Rgg7 Rxg2+ 48.Rxg2 Rxg2+ 49.Kxg2 b3 50.Rd7  1-0

[Event "4th Open"]
[Site "Tanta City EGY"]
[Date "2001.04.20"]
[Round "3"]
[White "Sameeh,H"]
[Black "Labib,I"]
[Result "0-1"]
[WhiteElo "2313"]
[BlackElo "2416"]

1.e4 e6 2.d4 d5 3.Nd2 Be7 4.Ngf3 c5 5.dxc5 Nf6 6.Bd3 dxe4 7.Nxe4 Nxe4 8.Bxe4 Qxd1+
9.Kxd1 Bxc5 10.Ke2 Nd7 11.c4 O-O 12.Be3 Bxe3 13.Kxe3 f5 14.Bc2 e5 15.Rhd1 e4
16.Nd4 Ne5 17.Ke2 Bd7 18.b3 Rae8 19.Kf1 e3 20.fxe3 Ng4 21.Kg1 Nxe3 22.Rd2 f4
23.Bd1 Rd8 24.Be2 Bc6 25.Bf3 Rf6 26.Bxc6 Rxc6 27.Nf3 Rxd2 28.Nxd2 Rg6 29.g3 fxg3
30.h3 h5 31.Re1 Nf5 32.Re5 Nd4 33.Re4 Ne6 34.Nf3 Rf6 35.Kg2 Rxf3 36.Rxe6 Rc3
37.h4 Rc2+ 38.Kxg3 Rxa2 39.Re7 b6 40.Kf4 Kh7 41.Kf5 Rf2+ 42.Kg5 Rg2+ 43.Kf5 a5
44.Rb7 Rf2+ 45.Kg5 Rf6 46.Rb8 Rg6+ 47.Kf5 Rc6 48.Kg5 Rg6+ 49.Kf5 a4 50.bxa4 Rg4
51.Rxb6 g6+ 52.Ke5 Rxc4 53.a5 Rxh4 54.a6 Ra4 55.Rb7+ Kh6 56.a7 h4 57.Rb4 Rxa7
58.Rxh4+ Kg5 59.Rh1 Ra4 60.Rb1 Rg4 61.Ra1 Rg3 62.Ra6 Re3+ 63.Kd4 Re1 64.Kd3 Kf5
65.Kd2 Re5 66.Ra1 g5 67.Rh1 Kf4 68.Rh5 Re8 69.Rh7 g4 70.Rf7+ Kg3 71.Kd1 Kg2
72.Kd2 g3 73.Kd1 Kh1 74.Rf1+ Kh2 75.Rf7 g2 76.Rh7+ Kg1 77.Kd2 Re5 78.Rh8 Kf2
79.Rf8+ Kg3 80.Rg8+ Kf3  0-1

[Event "TSGM"]
[Site "Belgrade YUG"]
[Date "2001.04.21"]
[Round "1"]
[White "Estrada Nieto,J"]
[Black "Sahovic,D"]
[Result "1/2-1/2"]
[WhiteElo "2371"]
[BlackElo "2446"]

1.e4 e6 2.d4 d5 3.Nd2 Nc6 4.Ngf3 Nf6 5.e5 Nd7 6.Be2 f6 7.exf6 Qxf6 8.Nf1 Bd6
9.Ne3 O-O 10.O-O Qg6 11.c4 dxc4 12.Nxc4 Nb6 13.Nce5 Nxe5 14.dxe5 Be7 15.Bd3 Qh5
16.Ng5 Qxd1 17.Rxd1 h6 18.Nf3 Bd7 19.Be4  1/2-1/2

[Event "ch-City"]
[Site "St Petersburg RUS"]
[Date "2001.04.21"]
[Round "11"]
[White "Yemelin,V"]
[Black "Kashtanov,R"]
[Result "1/2-1/2"]
[WhiteElo "2522"]
[BlackElo "2412"]

1.e4 e6 2.d4 d5 3.Nd2 a6 4.Ngf3 Nf6 5.exd5 exd5 6.Bd3 Nc6 7.c3 Bd6 8.O-O O-O
9.Re1 Bg4 10.Nf1 Qd7 11.Bg5 Ne4 12.Bh4 Rae8 13.Ne3 Bxf3 14.Qxf3 f5 15.Nxd5 Kh8
16.Qh3 Qf7 17.Ne3 g6 18.f3 Nf6 19.Bg5 Nh5 20.Qh4 Kg7 21.Nc4 h6 22.Bd2 Be7
23.Qf2 b5 24.Ne5 Nxe5 25.Rxe5 Bd6 26.Rxe8 Rxe8 27.g3 Nf6 28.Bc2 h5 29.Bb3 Qd7
30.Re1 h4 31.gxh4 Rh8 32.Be6 Qc6 33.Bg5 Nh7 34.d5 Nxg5 35.Qd4+ Kh7 36.hxg5 Qc4
37.Qxc4 bxc4 38.b3 Kg7 39.Re2 Rh3 40.Rf2 cxb3 41.axb3 Bc5 42.Kg2 Rxh2+ 43.Kxh2 Bxf2
44.f4 Be1 45.c4 Bb4 46.Kg3 a5 47.Bd7 Kf7 48.Kf3 Bc5 49.Bb5 Ke7 50.Ba4 Kf7
51.Bb5 Ke7 52.Ba4  1/2-1/2

[Event "Open"]
[Site "Dubai UAE"]
[Date "2001.04.22"]
[Round "7"]
[White "Pavasovic,D"]
[Black "Minasian,Art"]
[Result "0-1"]
[WhiteElo "2515"]
[BlackElo "2554"]

1.e4 e6 2.d4 d5 3.Nd2 Be7 4.Ngf3 Nf6 5.e5 Nfd7 6.Bd3 c5 7.c3 Nc6 8.O-O a5
9.Re1 cxd4 10.cxd4 Qb6 11.Nb1 Nxd4 12.Nxd4 Qxd4 13.Nc3 Qb6 14.Qg4 g6 15.Bh6 Nc5
16.Bb5+ Bd7 17.Bxd7+ Nxd7 18.Rac1 d4 19.Na4 Qb4 20.b3 Rd8 21.Qh3 b5 22.Nb2 Qa3
23.Nd3 Qxa2 24.Bg7 Rg8 25.Qxh7 Rxg7 26.Qxg7 Qxb3 27.Rcd1 Nf8 28.Qh8 a4 29.h4 a3
30.h5 gxh5 31.Nf4 d3 32.Nxh5 Rd4 33.Qg8 Bh4 34.Rf1 d2 35.Qh8 a2 36.f4 Ke7
37.Nf6 Qe3+ 38.Kh1 Rxf4 39.Rxf4 Qxf4 40.Qh5 Be1 41.Qe2 Qh4+ 42.Kg1 Qd4+ 43.Kh2 Ng6  0-1

[Event "2nd ch-EUR Women"]
[Site "Warsaw POL"]
[Date "2001.04.22"]
[Round "1"]
[White "Grabarska,B"]
[Black "Grabuzova,T"]
[Result "1/2-1/2"]
[WhiteElo "2213"]
[BlackElo "2375"]

1.e4 e6 2.d4 d5 3.Nd2 a6 4.Bd3 c5 5.exd5 exd5 6.dxc5 Bxc5 7.Ngf3 Nf6 8.O-O O-O
9.Nb3 Ba7 10.Nbd4 Bg4 11.Be3 Nbd7 12.h3 Bxf3 13.Qxf3 Ne5 14.Qd1 Nc4 15.Bxc4 dxc4
16.Qf3 Qd5 17.Rfe1 Rfe8 18.Red1 Rad8 19.Qxd5 Rxd5 20.Nf5 Bb8 21.g4 h5 22.Bd4 Be5
23.Bxe5 Rexe5 24.Ne3 Rxd1+ 25.Rxd1 hxg4 26.hxg4 g6 27.Kg2 Kg7 28.c3 b5 29.Rd6 a5
30.b3 cxb3 31.axb3 Rc5 32.b4 axb4 33.cxb4 Re5 34.Rb6 Nd5 35.Nxd5 Rxd5 36.Kf3 f5
37.gxf5 Rxf5+ 38.Kg3 Kf7 39.f4 g5 40.fxg5 Rxg5+ 41.Kf4 Rh5 42.Ke4 Rh4+ 43.Kd5  1/2-1/2

[Event "Open"]
[Site "Dubai UAE"]
[Date "2001.04.23"]
[Round "8"]
[White "Sadatnajafi,M"]
[Black "Vakhidov,T"]
[Result "0-1"]
[WhiteElo "2155"]
[BlackElo "2468"]

1.e4 e6 2.d4 d5 3.Nd2 Be7 4.Ngf3 Nf6 5.Bd3 c5 6.c3 Nc6 7.dxc5 Bxc5 8.O-O Qc7
9.Qe2 Bd7 10.b4 Bd6 11.Bb2 Ne5 12.Nxe5 Bxe5 13.Nf3 dxe4 14.Nxe5 exd3 15.Nxd3 Bb5
16.Rfd1 O-O 17.Qe5 Qc6 18.Nf4 Rfd8 19.c4 Qxc4 20.Rdc1 Qxb4 21.Bc3 Qe4 22.Qxb5 Qxf4
23.Bxf6 Qxf6 24.Qxb7 Rdb8 25.Qc7 g6 26.Rab1 Rxb1 27.Rxb1 Qd8 28.Rc1 Qd2 29.a4 Rd8
30.h3 Rd7 31.Qb8+ Rd8 32.Qc7 Rd5 33.Rb1 a5 34.Rc1 Kg7 35.Rf1 Qb4 36.Ra1 Qd4
37.Qc1 Rc5 38.Qe1 Rc2 39.Rd1 Qc5 40.Rb1 Qd4 41.Rd1 Qf6 42.Qe3 Rc4 43.Qa3 Qc3
44.Qxc3+ Rxc3 45.Rd7 Rc1+ 46.Kh2 Rc4 47.Ra7 Rxa4 48.Kg3 g5 49.Kf3 h5 50.Ke3 h4
51.Kf3 Kg6 52.Ra6 Kf5 53.g4+ Ke5 54.Ra7 Ra3+ 55.Kg2 f5 56.gxf5 exf5 57.Rc7 Rd3
58.Ra7 Rd5 59.Kf3 Rb5 60.Ra8 Kd4  0-1

[Event "2nd ch-EUR Women"]
[Site "Warsaw POL"]
[Date "2001.04.23"]
[Round "2"]
[White "Zatonskih,A"]
[Black "Aginian,N"]
[Result "1/2-1/2"]
[WhiteElo "2427"]
[BlackElo "2192"]

1.e4 e6 2.d4 d5 3.Nd2 Be7 4.Ngf3 Nf6 5.e5 Nfd7 6.Bd3 c5 7.c3 Nc6 8.O-O a5
9.a4 cxd4 10.cxd4 Nb4 11.Bb1 b6 12.Re1 Ba6 13.Nf1 Rc8 14.Ng3 Qc7 15.Bd2 Nc2
16.Bxc2 Qxc2 17.Qxc2 Rxc2 18.Bc3 Bb4 19.Bxb4 axb4 20.a5 bxa5 21.Rxa5 Nb8
22.Rea1 O-O 23.Rxa6 Nxa6 24.Rxa6 Rb8 25.Nf1 Rxb2 26.N1d2 b3 27.Ra1 h6 28.Kf1 Ra2
29.Rb1 b2 30.Ke2 Ra1 31.Kd3 Rxb1 32.Nxb1 Rc8 33.Nfd2 Rc1 34.h4 g6 35.g3  1/2-1/2

[Event "Astral Open"]
[Site "Bucharest ROM"]
[Date "2001.04.24"]
[Round "4"]
[White "Vajda,Al"]
[Black "Ionescu,Co"]
[Result "1/2-1/2"]
[WhiteElo "2409"]
[BlackElo "2515"]

1.e4 e6 2.d4 d5 3.Nd2 Be7 4.Ngf3 Nf6 5.exd5 Nxd5 6.Ne4 Nd7 7.Bd3 c5 8.dxc5 Nxc5
9.Nxc5 Qa5+ 10.c3 Qxc5 11.O-O  1/2-1/2

[Event "2nd ch-EUR Women"]
[Site "Warsaw POL"]
[Date "2001.04.25"]
[Round "4"]
[White "Melamed,T"]
[Black "Matveeva,S"]
[Result "1/2-1/2"]
[WhiteElo "2273"]
[BlackElo "2447"]

1.e4 e6 2.d4 d5 3.Nd2 Be7 4.c3 c5 5.Ngf3 Nf6 6.exd5 exd5 7.Bb5+ Nc6 8.dxc5 Bxc5
9.Qe2+ Be6 10.Nb3 Bb6 11.Nbd4 Qc8 12.Be3 O-O 13.Nxe6 fxe6 14.Bxb6 axb6 15.O-O Re8
16.Rfe1 e5 17.Bxc6 bxc6 18.Nxe5 Qf5 19.f4 Qxf4 20.Qf3 Qxf3 21.gxf3 c5 22.a3 Ra4
23.Kg2 d4 24.b3 Raa8 25.cxd4 cxd4 26.a4 Nd5 27.Nc4 Ne3+  1/2-1/2

[Event "2nd ch-EUR Women"]
[Site "Warsaw POL"]
[Date "2001.04.26"]
[Round "5"]
[White "Grabarska,B"]
[Black "Mkrtchian,L"]
[Result "0-1"]
[WhiteElo "2213"]
[BlackElo "2339"]

1.e4 e6 2.d4 d5 3.Nd2 Be7 4.Bd3 c5 5.dxc5 Nf6 6.Qe2 O-O 7.Ngf3 a5 8.O-O Nfd7
9.exd5 exd5 10.Nb3 a4 11.Nbd4 Nxc5 12.Bf5 Nc6 13.Be3 g6 14.Bxc8 Rxc8 15.Rad1 Re8
16.c4 Bf6 17.Nb5 d4 18.Rfe1 Ne6 19.Bc1 Na5 20.Nd2 Bg7 21.b4 d3 22.Qg4 h5
23.Qe4 Nc7 24.Qf3 Rxe1+ 25.Rxe1 Nxc4 26.Qxb7 Ne6 27.Na7 Rc7 28.Qa6 Nxd2 29.Bxd2 Qa8
30.Be3 d2 31.Rd1 Nd4 32.h3 Rxa7 33.Qc4 Re7 34.Rxd2 Nf5 35.Bg5 Re1+ 36.Kh2 Qb8+
37.f4 Qb6 38.Qc5 Qxc5 39.bxc5 h4 40.c6 Bd4  0-1

[Event "2nd ch-EUR Women"]
[Site "Warsaw POL"]
[Date "2001.04.26"]
[Round "5"]
[White "Trabert,B"]
[Black "Grabuzova,T"]
[Result "0-1"]
[WhiteElo "2269"]
[BlackElo "2375"]

1.e4 e6 2.d4 d5 3.Nd2 a6 4.Ngf3 c5 5.exd5 exd5 6.Be2 c4 7.O-O Bd6 8.Re1 Ne7
9.b3 b5 10.bxc4 bxc4 11.Ne5 O-O 12.Bf3 Ra7 13.Nf1 Be6 14.a4 a5 15.c3 Nbc6
16.Nxc6 Nxc6 17.Rb1 Qc7 18.Bg4 Bxg4 19.Qxg4 Rb7 20.Rxb7 Qxb7 21.Bh6 f5 22.Qe2 Nd8
23.Bg5 Qf7 24.h3 h6 25.Bd2 Nc6 26.Qf3 f4 27.Rb1 Rb8 28.Rxb8+ Nxb8 29.Qg4 Nd7
30.Qh4 Nf6 31.Bxf4 g5 32.Bxg5 hxg5 33.Qxg5+ Kf8 34.f3 Ba3 35.Ng3 Bb2 36.Qd2 Qg6
37.Kh2 Ba3 38.Qf4 Ke7 39.Nf5+ Kd7 40.Qe5 Qf7 41.Qb8 Ne8 42.Qb5+ Ke6 43.g4 Nd6
44.Nxd6 Bxd6+ 45.Kg2 Qg6 46.Kg1 Qf7 47.Kg2 Qf8 48.f4 Qxf4 49.Qe8+ Be7 50.Qg8+ Qf7
51.Qc8+ Kf6 52.Qh8+ Qg7 53.Qa8 Qg5 54.Qh8+ Kf7 55.Qh7+ Ke8 56.Kf3 Bd6 57.Qh8+ Kd7
58.Qh7+ Kc6 59.Qf7 Qh4 60.Qe8+ Kc7 61.Qf7+ Kc6 62.Qe8+ Kc7 63.Qf7+ Kb6 64.Qxd5 Qg3+
65.Ke2 Qd3+ 66.Kf2 Kc7 67.Qxa5+ Kd7 68.Qb5+ Ke7 69.Qg5+ Ke6 70.Qg8+ Kd7 71.Qf7+ Kd8
72.Qg8+ Kc7 73.Qf7+ Kb6 74.a5+ Ka6 75.Qe6 Qg3+ 76.Ke2 Kxa5 77.Qxc4 Qg2+ 78.Kd1 Kb6
79.Qb3+ Kc7 80.Qf7+ Kd8 81.Qf6+ Be7 82.Qb6+ Kd7 83.Qb5+ Kc7 84.Qa5+ Kc8 85.Qf5+ Kd8
86.Qa5+ Kd7 87.Qf5+ Kd8 88.Qa5+ Ke8 89.Qb5+ Kf8 90.Qb8+ Kg7 91.Qe5+ Bf6 92.Qe3 Qh1+
93.Kc2 Qd5 94.Kd3 Qb5+ 95.c4 Qb3+ 96.Ke4 Qxc4 97.Kf3 Qd5+ 98.Qe4 Qb5 99.Qe2 Qb1
100.d5 Qb3+ 101.Ke4 Qb1+ 102.Qd3 Qe1+ 103.Kf5 Qe5+  0-1

[Event "TSIM"]
[Site "Belgrade YUG"]
[Date "2001.04.27"]
[Round "7"]
[White "Andrijevic,M"]
[Black "Brkljaca,A"]
[Result "1/2-1/2"]
[WhiteElo "2365"]
[BlackElo "2365"]

1.e4 e6 2.d4 d5 3.Nd2 Nc6 4.Ngf3 Nf6 5.e5 Nd7 6.Be2 f6 7.exf6 Qxf6 8.Nf1 Bd6
9.Ne3 O-O 10.O-O Qg6 11.g3 Nb6 12.c3 e5 13.dxe5 Nxe5 14.Nxe5 Bxe5 15.Nxd5 Kh8
16.Ne7 Qf6 17.Nxc8 Raxc8 18.Be3 Rcd8 19.Qb3 Nd5 20.Qxb7 c6 21.Qxa7 Qg6 22.Rad1 h5
23.c4 Nxe3 24.Qxe3 Bxb2 25.Rxd8 Rxd8 26.h4 Bd4 27.Qf3 Kg8 28.Kg2 Ra8 29.Rd1 Rf8
30.Rxd4 Rxf3 31.Bxf3 Qf6 32.Rd3 g5 33.hxg5 Qxg5 34.Bxc6 h4 35.Bd5+ Kf8 36.Rf3+ Ke7
37.Rf4 hxg3 38.fxg3 Kd6 39.a3 Qe5 40.Rf3 Qb2+ 41.Kh3 Qh8+ 42.Kg4 Qg7+ 43.Kf5 Qh7+
44.Kg4 Qg7+ 45.Kh3 Qh8+ 46.Kg2 Qb2+ 47.Rf2 Qxa3 48.g4 Qc1 49.Rf6+ Ke5 50.Rf5+ Kd4
51.Kg3 Qe3+ 52.Rf3 Qe5+ 53.Kh4 Qh8+ 54.Kg5 Qg7+ 55.Kf5 Qh7+ 56.Kf6 Qh6+ 57.Kf5 Qh7+  1/2-1/2

[Event "4th Open"]
[Site "Tanta City EGY"]
[Date "2001.04.27"]
[Round "9"]
[White "Sameeh,H"]
[Black "Hassan,Say"]
[Result "0-1"]
[WhiteElo "2313"]
[BlackElo "2363"]

1.e4 e6 2.d4 d5 3.Nd2 Be7 4.Bd3 c5 5.dxc5 Bxc5 6.Ngf3 Nf6 7.e5 Nfd7 8.O-O Nc6
9.Nb3 Bb6 10.Re1 f6 11.exf6 Nxf6 12.Nfd4 Bxd4 13.Nxd4 Nxd4 14.Bxh7 Rxh7 15.Qxd4 Kf7
16.Bf4 Qb6 17.Qd3 Bd7 18.Be5 Rah8 19.b3 Rh5 20.Qg3 Rf5 21.Rad1 Rh6 22.Bd4 Qc6
23.c3 Rfh5 24.h3 Rg6 25.Qb8 Rxh3 26.Re5 Rh7 27.f3 a6 28.Rde1 Rgh6 29.Kf2 Rh8
30.Qa7 Rc8 31.a4 Rhh8 32.a5 Ra8 33.Qb6 Qxb6 34.Bxb6 Rh5 35.R5e3 Rah8 36.Bd4 Rh1
37.Kg3 Nh5+ 38.Kf2 Nf4 39.Kg3 Ng6 40.f4 Ne7  0-1

[Event "2nd ch-EUR Women"]
[Site "Warsaw POL"]
[Date "2001.04.27"]
[Round "6"]
[White "Morkunaite,E"]
[Black "Calotescu,C"]
[Result "1-0"]
[WhiteElo "2028"]
[BlackElo "2218"]

1.e4 e6 2.d4 d5 3.Nd2 Nc6 4.Ngf3 Nf6 5.e5 Nd7 6.Bd3 f6 7.exf6 Qxf6 8.O-O Bd6
9.c4 O-O 10.Nb3 Nb4 11.Bg5 Qf7 12.c5 Nxd3 13.Qxd3 e5 14.cxd6 e4 15.Qe3 exf3
16.Be7 fxg2 17.Rfe1 Re8 18.Qg5 h6 19.Qxg2 cxd6 20.Bxd6 Nf6 21.Rxe8+ Nxe8
22.Be5 Bf5 23.Rc1 a5 24.Nc5 b6 25.Na4 Be4 26.Qg3 Kh7 27.Nxb6 Ra6 28.Rc6 Qb7
29.Rc7 Rxb6 30.Rxb7 Rxb7 31.Qc3 Rb6 32.f3 Bf5 33.b3 Bh3 34.Qxa5 Rg6+ 35.Kf2 Nd6
36.Bxd6 Rxd6 37.Qc5 Rg6 38.Qc2 h5 39.a4 Kh6 40.Qd2+ Kh7 41.Qd3 Kh6 42.Qe3+ Kh7
43.Qe5 Rg2+ 44.Ke3 g6 45.a5 Rg1 46.Qe7+ Kh6 47.Qf8+ Kh7 48.a6 Re1+ 49.Kf4 Ra1
50.Qe7+ Kh6 51.a7  1-0

[Event "TCh-FRA"]
[Site "Montpellier FRA"]
[Date "2001.04.29"]
[Round "9"]
[White "Peter,S"]
[Black "Crut,A"]
[Result "1/2-1/2"]
[WhiteElo "2194"]
[BlackElo "2306"]

1.e4 e6 2.d4 d5 3.Nd2 a6 4.Ngf3 c5 5.dxc5 Bxc5 6.Bd3 Nf6 7.O-O Nc6 8.c3 O-O
9.h3 Be7 10.Qc2 h6 11.Re1 Qc7 12.exd5 Nxd5 13.Ne4 b6 14.a3 Bb7 15.c4 Nf4
16.Bxf4 Qxf4 17.Rad1 Rfd8 18.Ng3 Qc7 19.b4 Kh8 20.Be4 Rac8 21.Rxd8+ Bxd8
22.Qe2 Bf6 23.Bb1 g6 24.Ne4 Bg7 25.c5 Rd8 26.Rd1 Rxd1+ 27.Qxd1 bxc5 28.Nxc5 Bc8
29.Bd3 Qd6 30.Qc2 Nd4 31.Nxd4 Bxd4 32.Nb3 Bb7 33.Na5 Qb6 34.Nxb7 Qxb7 35.Qc4 Qb6
36.Qxa6 Bxf2+ 37.Kf1 Qe3 38.Be2 Bh4 39.Qa8+ Kg7 40.Qf3 Qc1+ 41.Bd1 Qb2 42.g3 Bf6
43.Ba4 Qc1+ 44.Ke2 Qb2+ 45.Kf1 Qc1+ 46.Ke2 Qc4+ 47.Qd3 Qxd3+ 48.Kxd3 Bb2
49.b5 Bxa3 50.b6 Bd6 51.g4 f5 52.b7 Kf6 53.Ke3 e5 54.Bc6 Bb8 55.gxf5 gxf5
56.h4 Ba7+ 57.Kd3 Kg6 58.Be8+ Kf6 59.Bc6 e4+ 60.Bxe4 fxe4+ 61.Kxe4 Bb8 62.Kf3 Kf5
63.Kg2 Kg4 64.h5  1/2-1/2

[Event "2nd ch-EUR Women"]
[Site "Warsaw POL"]
[Date "2001.04.29"]
[Round "7"]
[White "Trabert,B"]
[Black "Andersson,C"]
[Result "1/2-1/2"]
[WhiteElo "2269"]
[BlackElo "2115"]

1.e4 e6 2.d4 d5 3.Nd2 a6 4.Ngf3 c5 5.exd5 exd5 6.dxc5 Bxc5 7.Bd3 Nf6 8.Nb3 O-O
9.Nxc5 Qa5+ 10.c3 Qxc5 11.O-O Bg4 12.Re1 Nc6 13.Bg5 Ne4 14.Be3 Qa5 15.Be2 Rad8
16.Nd4 Bxe2 17.Rxe2 Rfe8 18.f3 Nd6 19.b4 Qc7 20.a4 Nc4 21.Bf2 N6e5 22.Qc2 Qd7
23.Rae1 h6 24.a5 Rc8 25.Bg3 Nc6 26.Qf5 Red8 27.Qxd7 Rxd7 28.Re8+ Rxe8 29.Rxe8+ Kh7
30.Nxc6 bxc6 31.Rc8 d4 32.cxd4 Rxd4 33.Rxc6 Ne3 34.Rxa6 Rxb4 35.Kf2 Nc4 36.Bc7 Rb2+
37.Kg3 Ne3 38.f4 Nf1+ 39.Kf3 Nxh2+ 40.Ke4 Ng4 41.Rc6 Nf6+ 42.Kf3 Rb3+ 43.Ke2 Nd5
44.Be5 Ra3 45.Rc5 Nb4 46.Rc7 Kg6 47.Rc5 Ra2+ 48.Kf3 Nd3 49.Rc6+ f6 50.Bc3 Ra4
51.g3 Nb4 52.Rc4 Ra3 53.Ke4 Na6 54.Kd5 Kf5 55.Rc6 Kg4 56.Ke6 Kxg3 57.f5 h5
58.Kf7 Nb8 59.Rc7 Kg4 60.Kxg7 Kxf5 61.Rc5+ Ke6 62.Bxf6 Rg3+ 63.Rg5 h4 64.Rxg3 hxg3
65.Bh4 g2 66.Bf2 Kd5 67.Kf6 Kc6 68.Ke5  1/2-1/2

[Event "2nd ch-EUR Women"]
[Site "Warsaw POL"]
[Date "2001.04.29"]
[Round "7"]
[White "Kosteniuk,A"]
[Black "Mamedova,R"]
[Result "1-0"]
[WhiteElo "2397"]
[BlackElo "2353"]

1.e4 e6 2.d4 d5 3.Nd2 a6 4.Ngf3 c5 5.dxc5 Bxc5 6.Bd3 Nc6 7.O-O Nge7 8.exd5 exd5
9.Nb3 Bb6 10.Re1 O-O 11.Be3 Bc7 12.h3 h6 13.c3 Qd6 14.Qc2 Qf6 15.Nbd4 Bd7
16.a4 Rfe8 17.b4 Rac8 18.Qd1 Ne5 19.Nxe5 Bxe5 20.Rc1 Nc6 21.Ne2 Bf5 22.Bc2 Red8
23.Bxf5 Qxf5 24.Bb6 Rd6 25.Bc5 Rg6 26.Kf1 Rd8 27.Nd4 Qg5 28.Qf3 Rf6 29.Qg4 Qxg4
30.hxg4 Bxd4 31.cxd4 Rf4 32.Rcd1 Rxg4 33.b5 Nb8 34.Bb6 Rc8 35.Re7 axb5 36.axb5 Rg6
37.Rxb7 Re6 38.Re1 Rd6 39.Bc7 Rd7 40.Rc1 Rdd8 41.Bxd8 Rxc1+ 42.Ke2 Rc8 43.Bb6  1-0

[Event "Bank Pocztowy Open A"]
[Site "Bydgoszcz POL"]
[Date "2001.04.30"]
[Round "4"]
[White "Mickiewicz,P"]
[Black "Szymanska,M"]
[Result "0-1"]
[WhiteElo "2239"]
[BlackElo "2120"]

1.e4 e6 2.d4 d5 3.Nd2 Be7 4.e5 c5 5.c3 Nc6 6.Ndf3 Qb6 7.Bd3 f6 8.exf6 Nxf6
9.Ne2 O-O 10.O-O Bd6 11.dxc5 Bxc5 12.b4 Bd6 13.b5 Na5 14.Bf4 Bxf4 15.Nxf4 Qc7
16.Ne2 e5 17.Ne1 e4 18.Bb1 Bg4 19.f3 exf3 20.gxf3 Bh3 21.Rf2 Qc5 22.Nf4 Bd7
23.Ned3 Qxc3 24.Bc2 Nc4 25.Ne2 Qa5 26.Nd4 Ne3 27.Qe1 Qxe1+ 28.Rxe1 Rfe8 29.Nc5 Nxc2
30.Rxe8+ Bxe8 31.Rxc2 Bg6 32.Re2 b6 33.Na6 Re8 34.Rxe8+ Nxe8 35.Nc6 Nd6 36.Nxa7 Bd3
37.Nc7 Bc4 38.a4 Bb3 39.Kf2 d4 40.Ke2 Bc2 41.Na8 d3+ 42.Kd2 Nc4+ 43.Kc3 Bb1
44.Nxb6 d2 45.Nxc4 d1=Q 46.a5 Qa4 47.a6 Ba2  0-1

[Event "2nd ch-EUR Women"]
[Site "Warsaw POL"]
[Date "2001.04.30"]
[Round "8"]
[White "Melamed,T"]
[Black "Kononenko,T"]
[Result "1/2-1/2"]
[WhiteElo "2273"]
[BlackElo "2361"]

1.e4 e6 2.d4 d5 3.Nd2 Be7 4.c3 c5 5.Ngf3 cxd4 6.Nxd4 Nc6 7.exd5 Qxd5 8.Nxc6 Qxc6
9.a4 a6 10.Bb5 axb5 11.axb5 Qxg2 12.Rxa8 Qxh1+ 13.Nf1 Qe4+ 14.Ne3 Qh1+ 15.Nf1  1/2-1/2